Ecuaciones diferenciales ordinarias

Enregistré dans:
Détails bibliographiques
Auteur principal: Roxin, Emilio O (Auteur)
Format: Livre
Langue:espagnol
Publié: Buenos Aires EUDEBA 1976
Collection:Temas
Sujets:
Tags: Ajouter un tag
Pas de tags, Soyez le premier à ajouter un tag!

MARC

LEADER 00000nam a2200000 a 4500
001 UCN5973
003 CL-VaPUC
008 010913e19760000AG |||||||||||||||||spa|d
082 0 4 |a 515.352  |b ROX  |2 21 
100 0 |a Roxin, Emilio O  |e author  |9 461725 
245 1 0 |a Ecuaciones diferenciales ordinarias 
300 |a 371 p 
942 |c BK 
945 |d 20010913 00:00:00  |a vberengu 
260 |a Buenos Aires  |b EUDEBA  |c 1976 
650 7 |a TEOREMAS DE EXISTENCIA  |2 CL-VaPUC  |9 461726 
650 7 |a ECUACIONES DIFERENCIALES LINEALES  |2 CL-VaPUC  |9 270390 
650 0 |a Sistemas lineales   |9 384816 
650 7 |a ESPACIO DE FASES  |2 CL-VaPUC  |9 424708 
583 |a last modification  |c 20010913 00:00:00  |k Rodrigo Vera 
490 0 |a Temas 
999 |c 297073  |d 297071 
952 |0 0  |1 0  |4 0  |6 515_352000000000000_ROX_1976  |7 0  |8 A  |9 351476  |a BIBMAT  |b BIBMAT  |d 2019-11-21  |i 374499K  |o 515.352 ROX 1976  |p 374499K  |r 2025-01-07  |w 2019-11-21  |y BK  |k MAT